| 000 | 00954nas a2200301 4500 | ||
|---|---|---|---|
| 001 | BR2010000011 | ||
| 003 | BR-BrBNA | ||
| 005 | 20231205114021.0 | ||
| 007 | ta | ||
| 008 | 230509b bl.|||p| |||| 00| 00por d | ||
| 040 |
_aBR-BrBNA _bpor _cBiblioteca Nacional de Agricultura |
||
| 041 | _a(Pt) | ||
| 072 | _aL70 | ||
| 100 | 1 | _aBorges, N.F. | |
| 100 | 1 | _aRezende, C.M.F. | |
| 100 | 1 | _aMelo, E.G. | |
| 100 | 1 | _aMalm, C. | |
| 100 | 1 | _aGheller, V.A. | |
| 100 | 1 | _aSilva, C.R.N. | |
| 100 | 1 | _aDoretto, J.V. | |
| 245 | 1 | _aVídeo-artroscopia da articulação fêmoro-tíbio-patelar em cães após secção do ligamento cruzado cranial guiada por artroscopia | |
| 650 | _aCÃO | ||
| 650 | _aLIGAMENTO | ||
| 650 | _aDIAGNÓSTICO | ||
| 773 | 0 |
_tArquivo Brasileiro Medicina Veterinária e Zootecnia (Brazil) _xISSN 0102-0935 _g(Oct 2008), v. 60(5) p. 1035-1044 _wBR2010000011 |
|
| 909 |
_a202311 _bLúcia _c55 _dLúcia Elande |
||
| 942 |
_2AGRIS _n0 _cANA |
||
| 999 |
_c206733 _d206733 |
||